| 000 | 00832nam a2200241Ia 4500 | ||
|---|---|---|---|
| 003 | GCL | ||
| 008 | 140319s9999 xx 000 0 ara d | ||
| 020 | _a865919977 | ||
| 040 |
_aGCL / _cGCL |
||
| 082 | 0 | 4 |
_a370.7 _bش ت |
| 100 | 1 | _aشاكر فتحى احمد | |
| 245 | 1 | 0 |
_aالتربية المقارنة : _bالمنهج - الاساليب - التطبيقات / _cشاكر فتحى احمد |
| 700 | 1 | _aهمام بدراوى زيدان | |
| 250 | _aالاولى | ||
| 260 |
_aالقاهرة : _bمجموعة النيل العربية ، _c2003 |
||
| 300 |
_a474 ص ؛ _c24 سم |
||
| 650 | 0 | 4 | _aالتربية |
| 650 | 0 | 4 | _aالمدرسون - تدريب |
| 650 | 0 | 4 | _aالتربية المقارنة |
| 650 | 0 | 4 | _aالتعليم - مصر |
| 650 | 0 | 4 | _aالتعليم - الطرق المقارنة |
| 942 |
_2ddc _cBK |
||
| 999 |
_c6075 _d6075 |
||